=LDR 00000nam 2200000 4500 =001 INLIS000000000003813 =005 20130612092121 =008 ***********************************Ind** =035 ##$$0010-061300000003813 =041 ##$$a Ind =082 ##$$a 531.12 =090 ##$$a 531.12, Jon m =100 ##$$a Johanes =245 ##$$a Metode faktor lenturan, Prof.DR.Ir.H.Johanes, Prof.Ir.Achmad Antono =260 ##$$a 1986 $b Yogyakarta =300 ##$$a v, 148 hlm., ilus., 21 cm =650 ##$$a Mekanika terapan =650 ##$$a Metode faktor lenturan =700 ##$$a Antono, Akhmad =850 ##$$a NBPNMAT